000
00276nam a22001097a 4500
082
_a
629.25 CAM'S
100
_a
CAMPBELL, COLIN
_9
78297
245
_a
THE SPORTS CAR ENGINE ITS TUNING AND MODIFICATION
260
_a
LONDON
_b
CHAPMAN & HALL
_c
1965
300
_a
322P
942
_c
BK
999
_c
583441
_d
583441